| 000 | 01019nam a22003017a 4500 | ||
|---|---|---|---|
| 003 | CHAP | ||
| 005 | 20220329134738.0 | ||
| 008 | 971013s1977 r 00010 d | ||
| 010 | _a25188 | ||
| 011 | _a26160 | ||
| 035 | _a30260 | ||
| 040 | _cCHAP | ||
| 082 |
_a318 _bI58a 1977 |
||
| 110 |
_aInstituto Interamericano de Estadística _959224 |
||
| 245 | _aAmérica en cifras, 1977 | ||
| 260 |
_aWashington : _bOrganización de los Estados Americanos, _c1977- |
||
| 300 | _a3 v | ||
| 500 | _aLa biblioteca tiene: v.1 | ||
| 505 | _aContenido: v.1-2 Situación económica.-v.3 Situación demográfica, situación social, situación cultural | ||
| 590 |
_aBATCH-UPD _b10 _c20130110 _lUCH01 _h2156 |
||
| 590 |
_aBATCH-UPD _b10 _c20130410 _lUCH01 _h1504 |
||
| 590 |
_aCONVERSION _b10 _c20130109 _lUCH01 _h1315 |
||
| 650 | 1 | 4 |
_aAmerica Latina _xEstadisticas. _95399 |
| 650 | 1 | 4 |
_aAmerica _xEstadisticas. _95365 |
| 901 | _aBK | ||
| 942 | _cLIBRO | ||
| 949 |
_a318 I58a 1977 _bBC _cC _d33724000529590 _eC _fv.1 _h44674 _i30260 _mD _si |
||
| 999 |
_c25188 _d25188 |
||